NCAA Women's Volleyball Final Four - Statistics

General Stats
  • This quiz has been taken 102 times
  • The average score is 134 of 180
Answer Stats
Answer % Correct
Texas
95%
Penn State
93%
Nebraska
88%
Texas A&M
88%
Florida
87%
UCLA
87%
Stanford
85%
USC
85%
Wisconsin
85%
Kentucky
83%
Louisville
77%
Oregon
77%
Kansas
75%
Washington
75%
Michigan
72%
Ohio State
72%
Illinois
70%
LSU
65%
Tennessee
65%
Florida State
63%
Arizona
62%
Pittsburgh
62%
Minnesota
60%
Baylor
57%
Hawaii
57%
Michigan State
55%
BYU
52%
San Diego
52%
California
48%
Long Beach State
32%
San Diego State
32%
Pacific
23%
Santa Clara
17%
San Jose State
8%
UT Arlington
5%
No matching quizzes found
Score Distribution
Percent of People with Each Score
Percentile by Number Answered
Your Score History
You have not taken this quiz